Statistics for Countries Producing the Most Oranges in 90 Seconds

Click here to take the quiz!

General Stats

  • This quiz has been taken 33 times
  • The average score is 12 of 20

Answer Stats

Metric TonsCountry% Correct
5,160,000United States
100%
17,251,291Brazil
97%
4,603,253Mexico
90%
8,550,865China
83%
3,137,546Spain
83%
1,032,446Argentina
80%
7,503,000India
80%
2,138,474Indonesia
73%
1,495,067Italy
73%
918,937Greece
60%
1,850,000Turkey
57%
3,438,030Egypt
50%
909,237Morocco
50%
1,944,023Iran
43%
1,592,944Pakistan
43%
892,764Algeria
40%
1,366,002South Africa
37%
636,919Vietnam
27%
799,397Syria
23%
690,130Ghana
3%

Score Distribution

Percentile by Number Answered

Percent of People with Each Score

Your Score History

You have not taken this quiz